NBA All-Star Fantasy Draft - Statistics

General Stats
  • This quiz has been taken 202 times
  • The average score is 37 of 60
Answer Stats
Position Player % Correct
F LeBron James
95%
G Michael Jordan
95%
C Shaquille O'Neal
92%
F Larry Bird
88%
G Magic Johnson
87%
C Wilt Chamberlain
87%
C Kareem Abdul-Jabbar
85%
G Kobe Bryant
85%
C Bill Russell
83%
F Charles Barkley
83%
F Kevin Durant
83%
G Oscar Robertson
83%
C Hakeem Olajuwon
82%
F Scottie Pippen
81%
F Tim Duncan
81%
G Dennis Johnson
80%
F Karl Malone
80%
F Kevin McHale
80%
C Moses Malone
80%
G Reggie Miller
78%
C David Robinson
76%
G Jerry West
74%
F Kevin Garnett
74%
G Steve Nash
74%
G Dwyane Wade
72%
G John Stockton
72%
G Allen Iverson
70%
F Chris Webber
70%
G Isiah Thomas
68%
G Jason Kidd
68%
G Kenny Smith
67%
G Bob Cousy
66%
F Julius Erving
66%
F Dirk Nowitzki
64%
F Paul Pierce
64%
C Patrick Ewing
63%
G Ray Allen
61%
G Clyde Drexler
59%
G Steve Kerr
58%
F John Havlicek
56%
F Elgin Baylor
55%
C Dwight Howard
53%
C Robert Parish
52%
F James Worthy
48%
F Dominique Wilkins
47%
G Gary Payton
47%
C Alonzo Mourning
42%
G Sam Jones
40%
G George Gervin
39%
F Elvin Hayes
38%
F Alex English
34%
F Chris Mullin
32%
G Deron Williams
31%
C Dave Cowens
30%
F Nate Archibald
22%
F Grant Hill
20%
C Bob Lanier
15%
F Jerry Lucas
13%
F Tom Heinsohn
10%
F Connie Hawkins
3%
No matching quizzes found
Score Distribution
Percent of People with Each Score
Percentile by Number Answered
Your Score History
You have not taken this quiz